<?xml version="1.0" encoding="UTF-8"?>
<record
    xmlns:xsi="http://www.w3.org/2001/XMLSchema-instance"
    xsi:schemaLocation="http://www.loc.gov/MARC21/slim http://www.loc.gov/standards/marcxml/schema/MARC21slim.xsd"
    xmlns="http://www.loc.gov/MARC21/slim">

  <leader>02122nam a2200289Ia 4500</leader>
  <controlfield tag="001">H5579</controlfield>
  <controlfield tag="003">IT-RoPAU</controlfield>
  <controlfield tag="008">130308s9999    xx            000 0 und d</controlfield>
  <datafield tag="040" ind1=" " ind2=" ">
    <subfield code="a">IT-RoPAU</subfield>
  </datafield>
  <datafield tag="040" ind1=" " ind2=" ">
    <subfield code="c">IT-RoPAU</subfield>
  </datafield>
  <datafield tag="041" ind1=" " ind2=" ">
    <subfield code="a">ITALIANO</subfield>
  </datafield>
  <datafield tag="100" ind1=" " ind2=" ">
    <subfield code="a">Amaducci Alessandro</subfield>
  </datafield>
  <datafield tag="100" ind1=" " ind2=" ">
    <subfield code="g">Codice Aut. SPICS: 37721</subfield>
  </datafield>
  <datafield tag="245" ind1=" " ind2=" ">
    <subfield code="a">Video l'immagine elettronica creativa (Il)</subfield>
  </datafield>
  <datafield tag="245" ind1=" " ind2=" ">
    <subfield code="b">Video L'Immagine Elettronica creativa (Il)</subfield>
  </datafield>
  <datafield tag="250" ind1=" " ind2=" ">
    <subfield code="a">3a ed.</subfield>
  </datafield>
  <datafield tag="260" ind1=" " ind2=" ">
    <subfield code="a">TORINO</subfield>
  </datafield>
  <datafield tag="260" ind1=" " ind2=" ">
    <subfield code="b">Lindau</subfield>
  </datafield>
  <datafield tag="260" ind1=" " ind2=" ">
    <subfield code="c">2004 [1&#xB0; Ed.:1997 - Ed.Ling.Originale:1997]</subfield>
  </datafield>
  <datafield tag="300" ind1=" " ind2=" ">
    <subfield code="a">"134 p. (prefazione: no ; testo: 134 [pagine: 0-0])"</subfield>
  </datafield>
  <datafield tag="500" ind1=" " ind2=" ">
    <subfield code="a">"Immagine in Movimento: Attivit&#xE0; Onirica; Visioni; Tecnologia. Monitor: schermo Televisivo; Monitor Specchio; Luce del Monitor; Neve, Disturbi di segnale Casuali e Indotti da Magneti; Feedback. Videoregistratore: Memoria Elettronica; caratteristiche Generali Videoregistratore; Zapping; Aggiungere Suoni a immagini Gi&#xE0; Registrate; Aggiungere immagini a Suoni Gi&#xE0; Registrati. Telecamera: Acquistare 1 Telecamera; caratteristiche Generali Telecamera; Bilanciamento del Bianco; messa a Fuoco; Profondit&#xE0; di Campo; movimenti di Camera; Punto di Vista; Illuminazione; Ottiche e Filtri; Diretta e Falsadiretta. Montaggio: montaggio Elettronico; montaggio in Macchina; Montare da Telecamera a Videoregistratore; Montare da Videoregistratore a Videoregistratore; Montare con Centralina; preparazione Materiale; montaggio Off line e On Line; Montare col Computer; Linguaggio Associazioni Immagini; Linguaggio Racconto Immagini; Tempo; Spazio; Visione Continua. Mixer Video: Trasformazione Immagini; caratteristiche dei Mixer Video; Effetti di Base; Transizioni, Dissolvenze, Tendine e Scrolling; Sovrimpressioni e Finestre; Compressioni e Zoom Digitali; Luma Key; Chroma Key; Loop; Testi Video. Suono: presa Diretta; Mixer Audio Equalizzatore; Effetti Sonori; Musica, Suono, Silenzio; Sincronismo e Asincronismo. preparare 1 Video: Ambiente; Generi. Bibli"</subfield>
  </datafield>
  <datafield tag="650" ind1=" " ind2=" ">
    <subfield code="a">TECNICA CINEMATOGRAFICA</subfield>
  </datafield>
  <datafield tag="650" ind1=" " ind2=" ">
    <subfield code="e">Codice materia Spics: 6802</subfield>
  </datafield>
  <datafield tag="942" ind1=" " ind2=" ">
    <subfield code="c">BK</subfield>
  </datafield>
  <datafield tag="957" ind1=" " ind2=" ">
    <subfield code="7">1</subfield>
  </datafield>
  <datafield tag="999" ind1=" " ind2=" ">
    <subfield code="c">92713</subfield>
    <subfield code="d">92713</subfield>
  </datafield>
  <datafield tag="999" ind1=" " ind2=" ">
    <subfield code="g">1</subfield>
  </datafield>
  <datafield tag="952" ind1=" " ind2=" ">
    <subfield code="0">0</subfield>
    <subfield code="1">0</subfield>
    <subfield code="4">0</subfield>
    <subfield code="6">H_000000000000000_5579</subfield>
    <subfield code="7">1</subfield>
    <subfield code="a">SPICS</subfield>
    <subfield code="b">SPICS</subfield>
    <subfield code="d">2013-03-08</subfield>
    <subfield code="l">0</subfield>
    <subfield code="o">H5579</subfield>
    <subfield code="r">2013-03-08 00:00:00</subfield>
    <subfield code="w">2013-03-08</subfield>
    <subfield code="y">BK</subfield>
    <subfield code="z">Progressivo inserimento:  32619 /  N. Volumi: 1 Copie: 1  / data import: 1 marzo 2013 - By Epidotti, Trombetti, Vaglietti. </subfield>
  </datafield>
</record>
